Normal view MARC view
  • Railroads

Entry Topical Term

Number of records used in: 1

001 - CONTROL NUMBER

  • control field: 43485

003 - CONTROL NUMBER IDENTIFIER

  • control field: NUST

005 - DATE AND TIME OF LATEST TRANSACTION

  • control field: 20210314132646.0

008 - FIXED-LENGTH DATA ELEMENTS

  • fixed length control field: 210314|| aca||aabn | a|a d

040 ## - CATALOGING SOURCE

  • Original cataloging agency: NUST
  • Transcribing agency: NUST

150 ## - HEADING--TOPICAL TERM

  • Topical term or geographic name entry element: Railroads
  • General subdivision: Maintenance and repair

670 ## - SOURCE DATA FOUND

  • Source citation: Work cat.: (NUST): Antia, Khurshed Faramroz. 43484, Railway track, design, construction, maintenance, and renewal of permanent way,, 1945.
© 2023 Central Library, National University of Sciences and Technology. All Rights Reserved.